FC Barcelona Squad 2022-2023 - Statistics

General Stats
  • This quiz has been taken 1,596 times
    1,253 since last reset
  • The average score is 20 of 25
Answer Stats
# Position Nation Player % Correct
1 GK Germany Marc-André ter Stegen
99%
8 MF Spain Pedri
97%
9 FW Poland Robert Lewandowski
96%
6 MF Spain Gavi
95%
21 MF Netherlands Frenkie de Jong
94%
4 DF Uruguay Ronald Araújo
94%
7 FW France Ousmane Dembélé
92%
- Coach Spain Xavi Hernández
89%
15 DF Denmark Andreas Christensen
88%
5 MF Spain Sergio Busquets
87%
18 DF Spain Jordi Alba
86%
23 DF France Jules Koundé
84%
22 FW Brazil Raphinha
84%
10 FW Spain Ansu Fati
82%
11 FW Spain Ferran Torres
81%
19 MF Ivory Coast Franck Kessié
81%
3 DF Spain Gerard Piqué
79%
14 FW Netherlands Memphis Depay
79%
32 MF Spain Pablo Torre
76%
28 DF Spain Álex Balde
73%
20 DF Spain Sergi Roberto
71%
13 GK Spain Iñaki Peña
68%
24 DF Spain Eric García
64%
17 DF Spain Marcos Alonso
56%
2 DF Spain Héctor Bellerín
36%
No matching quizzes found
Score Distribution
Percent of People with Each Score
Percentile by Number Answered
Your Score History
You have not taken this quiz since the last reset